000 00688nam a2200253Ia 4500
003 OSt
005 20220924125650.0
006 a|||||r|||| 00| 0
007 ta
008 220923b |||||||| |||| 00| 0 per d
024 _a331682
037 _cTextual
040 _aARTS
_cARTS
_bper
041 _2per
_aper
082 _aW:2, 164L6
100 _aDarke Hubert Au.
_9198721
245 0 _aSiyar-al-muluk
_b siyasat nama of Nizam-al-mulk
260 _aTehran
_bB.T.N.K Iran
_c1976
300 _a372p.
_ccm.
650 _a POLITICAL SCIENCE
650 _aPERSIAN LANGUAGE
942 _hW:2, 164L6
_cTEXL
_2CC
999 _c423167
_d423167